书目信息 |
| 题名: |
几何学辞典
|
|
| 作者: | 祾部贞市郎 编 ;高清仁 译 | |
| 分册: | ||
| 出版信息: | 上海 上海教育出版社 1984 |
|
| 页数: | 956页 | |
| 开本: | 21cm | |
| 丛书名: | ||
| 单 册: | ||
| 中图分类: | O181-61 , O123-44 | |
| 科图分类: | ||
| 主题词: | 几何学--词典 , 初等数学 | |
| 电子资源: | ||
| ISBN: | ||
| 000 | 00754nam0 2200277 45 | |
| 001 | 0184002237 | |
| 005 | 20040924154409.6 | |
| 010 | @b精装@dCNY5.60 | |
| 091 | @a17150.7 | |
| 100 | @a19950628d1984 em y0chiy0121 ea | |
| 101 | 1 | @achi@cjpn |
| 102 | @aCN@b310000 | |
| 105 | @ay e 000yy | |
| 106 | @ar | |
| 200 | 10 | @a几何学辞典@Aji he xue ci dian@e问题解法@f(日)祾部贞市郎编@g高清仁等译 |
| 210 | @a上海@c上海教育出版社@d1984 | |
| 215 | @a956页@d21cm | |
| 606 | @a几何学@x词典 | |
| 606 | 0 | @a初等数学 |
| 690 | @aO181-61@v3 | |
| 690 | @aO123-44 | |
| 701 | 0 | @a祾部贞市郎@Ati bu zhen shi lang@4编 |
| 702 | 0 | @a高清仁@Agao qing ren@4译 |
| 801 | 0 | @aCN@b上海图书馆@c20040924 |
| 801 | 2 | @aCN@bNLC@c20040924 |
| 905 | @f1@b138562@dO123-44@e16 | |
| 几何学辞典:问题解法/(日)祾部贞市郎编/高清仁等译.-上海:上海教育出版社,1984 |
| 956页;21cm |
| ISBN (精装):CNY5.60 |
| ● |
| 相关链接 |
|
|
|
|
正题名:几何学辞典
索取号:O123-44/16
 
预约/预借
| 序号 | 登录号 | 条形码 | 馆藏地/架位号 | 状态 | 备注 |
| 1 | 0138562 | 001962898 | 工具书阅览室/ [索取号:O123-44/16] | 在馆 | |
| 2 | 0138563 | 000555697 | 第二样本阅览室/ [索取号:O123-44/16] | 在馆 |